=LDR 00000nam 2200000 4500 =001 INLIS000000000048752 =005 20200302094251 =035 ##$$a 0010-011700000000033 =008 200302################g##########0#ind## =020 ##$$a 978-602-0969-51-0 =040 ##$$a NBPDMAT =082 ##$$a 297 . 411 3 =090 ##$$a 297 . 4113 $b Asi s =100 #$$a Asima Nur Salsabila =245 1#$$a Seribu satu fakta dahsyat mukjizat kota makkah ; misteri unikpusat titik bumi dalam sejarah manusia : $b Misteri unik pusat titik bumi dalam sejarah manusia /$c Asima Nur salsabila ; editor Himatu mardiah =260 ##$$a Tangerang :$b La Tahzan,$c 2015 =300 ##$$a 224 hlm ; $c 13 x 19 cm =500 ##$$a Bibliografi : hlm . 223-224 =500 ##$$a Biografi : hlm . 224 =650 #4$$a Mekah =700 #$$a Himatu mardiah =084 ##$$a 297 . 411 3 ASI s =990 ##$$a 21601988 =990 ##$$a 21601989 =990 ##$$a 216019810 =990 ##$$a 21601989 =990 ##$$a 21601988 =990 ##$$a 216019810 =990 ##$$a 21601988 =990 ##$$a 21601989 =990 ##$$a 216019810 =990 ##$$a 216019810 =990 ##$$a 21601988 =990 ##$$a 21601989 =990 ##$$a 15521552 =990 ##$$a 21601990 =990 ##$$a 21601988 =990 ##$$a 21601989 =990 ##$$a 216019810